申命記 : (Record no. 38528)
[ view plain ]
| 000 -LEADER | |
|---|---|
| fixed length control field | 00563cam0a2200205 4500 |
| 001 - CONTROL NUMBER | |
| control field | .b14715235 |
| 008 - FIXED-LENGTH DATA ELEMENTS--GENERAL INFORMATION | |
| fixed length control field | s hk chi |
| 020 ## - INTERNATIONAL STANDARD BOOK NUMBER | |
| International Standard Book Number | 9622086489 (平裝): |
| 050 ## - LIBRARY OF CONGRESS CALL NUMBER | |
| Classification number | BS1275.52 |
| 100 1# - MAIN ENTRY--PERSONAL NAME | |
| Personal name | 郭鴻標 |
| 245 10 - TITLE STATEMENT | |
| Title | 申命記 : |
| Remainder of title | 受教與蒙福 =Deuteronomy :To be Taught and To be Blessed / |
| Statement of responsibility, etc | 郭鴻標著. |
| 250 ## - EDITION STATEMENT | |
| Edition statement | 初版. |
| 260 ## - PUBLICATION, DISTRIBUTION, ETC. (IMPRINT) | |
| Place of publication, distribution, etc | 香港 : |
| Name of publisher, distributor, etc | 天道 , |
| Date of publication, distribution, etc | 2005 |
| 300 ## - PHYSICAL DESCRIPTION | |
| Extent | 160 p. |
| 490 1# - SERIES STATEMENT | |
| Series statement | 生命信息系列 |
| 510 1# - CITATION/REFERENCES NOTE | |
| Name of source | Deuteronomy |
| 517 1# - CATEGORIES OF FILMS NOTE (ARCHIVAL) (VM) [OBSOLETE] | |
| Different formats | 受教與蒙福 |
| 700 #1 - ADDED ENTRY--PERSONAL NAME | |
| Personal name | 郭 |
| Numeration | 鴻標 |
| 942 ## - ADDED ENTRY ELEMENTS (KOHA) | |
| Source of classification or shelving scheme | Library of Congress Classification |
| Item type | Books |
| Koha issues (borrowed), all copies | 1 |
| Withdrawn status | Lost status | Source of classification or shelving scheme | Damaged status | Not for loan | Home library | Current library | Shelving location | Date acquired | Accession number | Total Checkouts | Full call number | Barcode | Date last seen | Date last borrowed | Price effective from | Koha item type |
|---|---|---|---|---|---|---|---|---|---|---|---|---|---|---|---|---|
| Library of Congress Classification | BSOP Library | BSOP Library | Chinese Books (General Circulation) | 07/01/2015 | C-13369 | 1 | CH BS1275.52 K96 | 00045936 | 09/12/2018 | 08/25/2018 | 07/01/2015 | Books |
